MARC details
| 000 -CABECERA |
| campo de control de longitud fija |
03706nam a2200349 i 4500 |
| 001 - NÚMERO DE CONTROL |
| campo de control |
000048095 |
| 003 - IDENTIFICADOR DEL NÚMERO DE CONTROL |
| campo de control |
DO-SdBNP |
| 005 - FECHA Y HORA DE LA ÚLTIMA TRANSACCIÓN |
| campo de control |
20250715091156.0 |
| 007 - CAMPO FIJO DE DESCRIPCIÓN FÍSICA--INFORMACIÓN GENERAL |
| campo de control de longitud fija |
ta |
| 008 - DATOS DE LONGITUD FIJA--INFORMACIÓN GENERAL |
| campo de control de longitud fija |
181112s2015 dr ac 000 0 spa d |
| 020 ## - NÚMERO INTERNACIONAL ESTÁNDAR DEL LIBRO |
| Número Internacional Estándar del Libro |
9789945586442 |
| 040 ## - FUENTE DE LA CATALOGACIÓN |
| Centro catalogador/agencia de origen |
DO-SdBNP |
| Lengua de catalogación |
spa |
| Centro/agencia transcriptor |
BNPHU |
| Normas de descripción |
rda |
| 041 ## - CÓDIGO DE LENGUA |
| Código de lengua del texto/banda sonora o título independiente |
spa |
| 082 #4 - NÚMERO DE LA CLASIFICACIÓN DECIMAL DEWEY |
| Número de clasificación |
xxxx |
| Número de documento/Ítem |
S474m |
| Número de edición |
22 |
| 100 ## - ENTRADA PRINCIPAL--NOMBRE DE PERSONA |
| Nombre de persona |
Sención Silverio, Lorenzo, |
| Fechas asociadas al nombre |
1935- |
| Término indicativo de función/relación |
autor |
| Código de función/relación |
aut. |
| 9 (RLIN) |
75574 |
| 245 14 - MENCIÓN DE TÍTULO |
| Título |
Las mentiras de la sangre / |
| Mención de responsabilidad, etc. |
Lorenzo Sención Silverio ; cuidado de edición y diagramación, Juan Francisco Domínguez Novas. |
| 250 ## - MENCIÓN DE EDICIÓN |
| Mención de edición |
Primera edición |
| 264 #4 - PRODUCCIÓN, PUBLICACIÓN, DISTRIBUCIÓN, FABRICACIÓN Y COPYRIGHT |
| Producción, publicación, distribución, fabricación y copyright |
Santo Domingo : |
| Nombre del de productor, editor, distribuidor, fabricante |
Archivo General de la Nación, |
| Fecha de producción, publicación, distribución, fabricación o copyright |
©2015. |
| 300 ## - DESCRIPCIÓN FÍSICA |
| Extensión |
290 páginas : |
| Otras características físicas |
ilustraciones, retratos ; |
| Dimensiones |
23 cm. |
| 336 ## - TIPO DE CONTENIDO |
| Término de tipo de contenido |
texto |
| Código de tipo de contenido |
txt |
| Fuente |
rdacontent |
| 337 ## - TIPO DE MEDIO |
| Nombre/término del tipo de medio |
sin mediación |
| Código del tipo de medio |
n |
| Fuente |
rdamedia |
| 338 ## - TIPO DE SOPORTE |
| Nombre/término del tipo de soporte |
volumen |
| Código del tipo de soporte |
nc |
| Fuente |
rdacarrier |
| 490 1# - MENCIÓN DE SERIE |
| Mención de serie |
Archivo General de la Nación |
| Designación de volumen o secuencia |
205 |
| 500 ## - NOTA GENERAL |
| Nota general |
Incluye referencias bibliográficas y notas al pie de las páginas. |
| 500 ## - NOTA GENERAL |
| Nota general |
Incluye datos biográficos del autor en las solapas. |
| 504 ## - NOTA DE BIBLIOGRAFÍA, ETC. |
| Nota de bibliografía, etc. |
Bibliografía : páginas 241-242 |
| 505 0# - NOTA DE CONTENIDO CON FORMATO |
| Nota de contenido con formato |
Presentación / |
| Mención de responsabilidad |
Roberto Cassá-- |
| Título |
Prólogo / |
| Mención de responsabilidad |
Arlette Fernández -- |
| Título |
Yo, Lorenzo Sención Silverio (reseña autobiográfica) -- |
| -- |
De la vida rural y pueblerina a la militar -- |
| -- |
Ingreso a la Academia Militar de la Aviación Dominicana -- |
| -- |
El transito forzado por el inacabado hospital Dr. Darío Contreras -- |
| -- |
El oficial -- |
| -- |
En el Ejército Nacional -- |
| -- |
En el golpe de Estado del General Rodríguez Echavarría; reingresos y cancelación de las Fuerzas Armadas -- |
| -- |
En el movimiento constitucionalista, la Revolución de Abril de 1965 y el asalto al Hotel Matum -- |
| -- |
Persecución, exilio, regreso a la vida civil y reintegración en condición de retiro -- |
| -- |
Mi testimonio de 1998 -- |
| -- |
Breve introducción -- |
| -- |
El testimonio -- |
| -- |
Dos testimonios de crédito indiscutible -- |
| -- |
Testimonio del mayor (R) ERD Manuel Valenzuela Cabral -- |
| -- |
Testimonio del doctor Abelardo Herrera Piña -- |
| -- |
Tres premisas que ameritan ser conocidas -- |
| -- |
Mi relación personal y militar con el teniente Jean Awad Canaán -- |
| -- |
Jean Awad Canaán buscaba peloteros -- |
| -- |
Jean Awad Canaán, diestro pero temerario conductor -- |
| -- |
El infortunado viaje de Jean Awad Canaán a San Juan De la Maguana -- |
| -- |
La muerte de Jean Awad Canaán, un motivo para dos libros -- |
| -- |
Análisis de los testimonios presentes en la Verdad de la Sangre -- |
| -- |
Breve introducción -- |
| -- |
Sobre testimonio del chofer Inocencio Montero Ramírez -- |
| -- |
Sobre los testimonios de Bella Herminia Santil, Lillian Rodríguez y un ex oficial militar de la época -- |
| -- |
Sobre testimonio de Bella Herminia Santil -- |
| -- |
Sobre el testimonio de Lillian Rodríguez Marcano -- |
| -- |
Sobre el testimonio de un ex oficial militar de la época -- |
| -- |
Acerca de las declaraciones del Doctor Felipe Herrera -- |
| -- |
Breve introducción -- |
| -- |
Testimonio del doctor Felipe Herrera (extractos y consideraciones) -- |
| 505 0# - NOTA DE CONTENIDO CON FORMATO |
| Nota de contenido con formato |
Entrevista al doctor Felipe Herrera (extractos y consideraciones)-- |
| Título |
Análisis comparativo de las dos entrevistas ofrecidas por el doctor Felipe Herrera (con acotaciones testimoniales de la doctora Lillian Gómez y del doctor Radhamés Cabrera Felipe) -- |
| -- |
¿Por qué el KM. 22.5 y no el 21? -- |
| -- |
Análisis histórico-cartográfico del lugar del accidente -- |
| -- |
El mito que no pudo ahogar a la verdad -- |
| -- |
La aventurada interpretación de dos crónicas periodísticas -- |
| -- |
Una inaceptable y desconsiderada conmiseración -- |
| -- |
Consideraciones finales y conclusiones -- |
| -- |
Aspectos generales -- |
| -- |
Conclusiones puntuales -- |
| -- |
Aclaración final -- |
| -- |
Anexos -- |
| -- |
Índice onomástico. |
| 590 ## - NOTA LOCAL (RLIN) |
| Nota local |
Inventariado, 2018/LP |
| 700 1# - PUNTO DE ACCESO ADICIONAL--NOMBRE DE PERSONA |
| Nombre de persona |
Domínguez Novas, Juan Francisco, |
| Término indicativo de función/relación |
editor |
| Código de función/relación |
ed. |
| 9 (RLIN) |
73382 |
| 942 ## - ELEMENTOS DE PUNTO DE ACCESO ADICIONAL (KOHA) |
| Fuente del sistema de clasificación o colocación |
Dewey Decimal Classification |
| Tipo de ítem Koha |
Libro |